Půlstoletí čínsko-africké mesaliance
Vývoj čínsko-afrických vzťahov v minulosti. Politická, finančná aj materiálna pomoc Číny. Národnooslobodzovacie hnutie v Afrike a vojenská spolupráca s Čínou. Obchod so zbraňami. Súčasné čínske záujmy v Afrike.
Saved in:
| Main Author: | |
|---|---|
| Other Authors: | |
| Format: | Book Chapter |
| Language: | Czech |
| Subjects: | |
| Tags: |
No Tags, Be the first to tag this record!
|
MARC
| LEADER | 00000naa$a2200000$$$4500 | ||
|---|---|---|---|
| 001 | 0052270 | ||
| 005 | 20231016092443.8 | ||
| 041 | 0 | |a cze | |
| 044 | |a CZ | ||
| 245 | 1 | 0 | |a Půlstoletí čínsko-africké mesaliance |c Antonín Berdych, Václav Prášil |
| 520 | |a Vývoj čínsko-afrických vzťahov v minulosti. Politická, finančná aj materiálna pomoc Číny. Národnooslobodzovacie hnutie v Afrike a vojenská spolupráca s Čínou. Obchod so zbraňami. Súčasné čínske záujmy v Afrike. | ||
| 610 | 2 | 0 | |a politika zahraničná |
| 610 | 2 | 0 | |a vzťahy politické medzinárodné |
| 610 | 2 | 0 | |a pomoc finančná |
| 610 | 2 | 0 | |a pomoc zahraničná |
| 610 | 2 | 0 | |a konflikty |
| 610 | 2 | 0 | |a vojny |
| 610 | 2 | 0 | |a Čína |
| 610 | 2 | 0 | |a Afrika |
| 100 | 1 | |a Berdych, Antonín | |
| 700 | 1 | |a Prášil, Václav | |